| Поле | Название | Значение |
| |
Тип записи |
a |
| |
Библиографический уровень |
m |
| 001 |
Контрольный номер |
RU/URAIT/562650 |
| 005 |
Дата корректировки |
20260429163715.6 |
| 008 |
Кодируемые данные |
260429s2025 RU y f j 000 0 rus u |
| 020 |
Индекс ISBN |
__ |
| a |
ISBN |
978-5-534-17846-3 |
| c |
Цена, тираж |
489.00 |
| 040 |
Источник каталогиз. |
__ |
| a |
Служба первич. каталог. |
ИКО Юрайт |
| c |
Служба, преобразующая запись |
ИКО Юрайт |
| e |
Правила каталог. |
RCR |
| 041 |
Код языка издания |
__ |
| a |
Код языка текста |
rus |
| 044 |
Код страны публикации |
__ |
| a |
Код страны публикации |
RU |
| 080 |
Индекс УДК |
__ |
| a |
Индекс УДК |
808.5(075.8) |
| 084 |
Индекс другой классификации/Индекс ББК |
__ |
| 2 |
Источник индекса |
rubbk |
| a |
Индекс другой классификации/Индекс ББК |
83я73 |
| 100 |
Автор |
__ |
| a |
Автор |
Войтик Н. В. |
| q |
Полное имя |
Войтик Наталья Викторовна |
| 245 |
Заглавие |
__ |
| a |
Заглавие |
Речевая коммуникация |
| b |
Продолж. заглавия |
учебник для вузов |
| c |
Ответственность |
Н. В. Войтик. |
| 250 |
Сведения об издании |
__ |
| g |
|
пер. и доп |
| a |
Основные сведения об издании |
2-е изд. |
| 256 |
Характеристики компьютерного файла |
__ |
| a |
Характеристики компьютерного файла |
Электрон. дан. |
| 260 |
Выходные данные |
__ |
| a |
Место издания |
Москва |
| b |
Издательство |
Юрайт |
| c |
Дата издания |
2025 |
| 300 |
Физическое описание |
__ |
| a |
Объем |
104 с |
| 440 |
Серия |
__ |
| a |
Серия |
Высшее образование |
| 500 |
Примечания |
__ |
| a |
Примечание |
URL: https://urait.ru/bcode/562650 (дата обращения: 29.04.2026). |
| 520 |
Аннотация |
__ |
| a |
Аннотация |
В представленном курсе рассматриваются основные понятия теории речевой коммуникации, включая совершенствование навыков речевой деятельности, а также ее этические, социо- и психолингвистические аспекты. В соответствии с логикой изучения дисциплины весь материал разделен на три учебных раздела; изложение материала позволяет студентам накапливать знания о теории и методологии речевой коммуникации, технологии общения, выстраивать речевые стратегии и тактики, совершенствовать навыки речевой деятельности. Для студентов высших учебных заведений, обучающихся по гуманитарным направлениям. |
| 538 |
Прим. о системных особенностях |
__ |
| a |
Прим. о системных особенностях |
Режим доступа: Электронно-библиотечная система Юрайт, для авториз. пользователей |
| 653 |
Ключевые слова |
__ |
| a |
Ключевые слова |
Логика. Риторика |
| 653 |
Ключевые слова |
__ |
| a |
Ключевые слова |
Общественные науки |
| 653 |
Ключевые слова |
__ |
| a |
Ключевые слова |
Основы теории коммуникации |
| 653 |
Ключевые слова |
__ |
| a |
Ключевые слова |
Речевая коммуникация |
| 653 |
Ключевые слова |
__ |
| a |
Ключевые слова |
Введение в теорию коммуникации |
| 653 |
Ключевые слова |
__ |
| a |
Ключевые слова |
Речь: культура и техника |
| 653 |
Ключевые слова |
__ |
| a |
Ключевые слова |
Культура и техника речи |
| 653 |
Ключевые слова |
__ |
| a |
Ключевые слова |
Основы речевой коммуникации |
| 653 |
Ключевые слова |
__ |
| a |
Ключевые слова |
Основы теории коммуникаций |
| 653 |
Ключевые слова |
__ |
| a |
Ключевые слова |
Теория коммуникации |
| 653 |
Ключевые слова |
__ |
| a |
Ключевые слова |
Речевые коммуникации |
| 653 |
Ключевые слова |
__ |
| a |
Ключевые слова |
Технология речевой деятельности |
| 653 |
Ключевые слова |
__ |
| a |
Ключевые слова |
Теория и практика речевой коммуникации |
| 653 |
Ключевые слова |
__ |
| a |
Ключевые слова |
Основы речевого взаимодействия |
| 653 |
Ключевые слова |
__ |
| a |
Ключевые слова |
Введение в теорию коммуникаций |
| 653 |
Ключевые слова |
__ |
| a |
Ключевые слова |
Речевые практики |
| 653 |
Ключевые слова |
__ |
| a |
Ключевые слова |
Общая теория коммуникации |
| 653 |
Ключевые слова |
__ |
| a |
Ключевые слова |
Эффективность речевого взаимодействия |
| 856 |
Электронный адрес документа |
40 |
| n |
Местонахождение сервера |
Юрайт |
| g |
|
Электронная книга |
| q |
Тип электронного формата |
html |
| h |
Имя пользователя |
ЮРАЙТ |
| v |
Часы доступа к ресурсу |
20271231 |
| 2 |
Способ доступа |
Показать документ |
| x |
Служебное примечание |
https://urait.ru/book/cover/FF752D63-F41A-46C5-95BF-C1E05BE20931 |
| u |
URL |
https://urait.ru/bcode/562650 |
| 856 |
Электронный адрес документа |
48 |
| q |
Тип электронного формата |
cover |
| u |
URL |
https://urait.ru/book/cover/FF752D63-F41A-46C5-95BF-C1E05BE20931 |
| 911 |
|
__ |
| u |
|
0030=https://urait.ru/bcode/562650 |
| 911 |
|
__ |
| u |
|
073a=9785534178463 |
| u |
|
073d=489.00 |
| 911 |
|
__ |
| u |
|
106a=s |
| 911 |
|
__ |
| u |
|
900l= |
| 952 |
Тип литературы |
__ |
| i |
Дисциплина |
Основы теории коммуникации |
| 952 |
Тип литературы |
__ |
| i |
Дисциплина |
Речевая коммуникация |
| 952 |
Тип литературы |
__ |
| i |
Дисциплина |
Введение в теорию коммуникации |
| 952 |
Тип литературы |
__ |
| i |
Дисциплина |
Речь: культура и техника |
| 952 |
Тип литературы |
__ |
| i |
Дисциплина |
Культура и техника речи |
| 952 |
Тип литературы |
__ |
| i |
Дисциплина |
Основы речевой коммуникации |
| 952 |
Тип литературы |
__ |
| i |
Дисциплина |
Основы теории коммуникаций |
| 952 |
Тип литературы |
__ |
| i |
Дисциплина |
Теория коммуникации |
| 952 |
Тип литературы |
__ |
| i |
Дисциплина |
Речевые коммуникации |
| 952 |
Тип литературы |
__ |
| i |
Дисциплина |
Технология речевой деятельности |
| 952 |
Тип литературы |
__ |
| i |
Дисциплина |
Теория и практика речевой коммуникации |
| 952 |
Тип литературы |
__ |
| i |
Дисциплина |
Основы речевого взаимодействия |
| 952 |
Тип литературы |
__ |
| i |
Дисциплина |
Введение в теорию коммуникаций |
| 952 |
Тип литературы |
__ |
| i |
Дисциплина |
Речевые практики |
| 952 |
Тип литературы |
__ |
| i |
Дисциплина |
Общая теория коммуникации |
| 952 |
Тип литературы |
__ |
| i |
Дисциплина |
Эффективность речевого взаимодействия |